Learning to teach English in the secondary school : a companion to school experience

Bibliographic Details
Main Authors: Davison, Jon , 1949- (Author), Dowson, Jane , 1955- (Author)
Format: Book
Published: London : Routledge , 2000
Series:Learning to teach subjects in the secondary school series
Subjects:

MARC

LEADER 00000cam a2200000 7i4500
001 0000038136
005 20220912093000.0
008 021119s2000
020 |a 0415156777 
090 0 0 |a LB1631   |b .L333 1998 
245 0 0 |a Learning to teach English in the secondary school :   |b a companion to school experience   |c [edited by] Jon Davison and Jane Dowson 
260 2 |a London :   |b Routledge ,   |c 2000 
300 |a xx, 326 p. ;   |c 24 cm. 
490 1 |a Learning to teach subjects in the secondary school series 
504 |a Includes bibliographical references (p. 305-306) and index 
650 0 |a English literature   |x Study and teaching (Secondary)   |z Great Britain 
650 0 |a English teachers   |x Training of   |z Great Britain 
700 0 |a Davison, Jon ,   |d 1949- ,   |e author 
700 0 |a Dowson, Jane ,   |d 1955- ,   |e author 
999 |a 1000083794   |b Book   |c OPEN SHELF (30 DAYS)   |e Gong Badak Campus